000 00842nam a22002537a 4500
003 Uzh_bibl
008 260305b |||||||| |||| 00| 0 ukr d
020 _a978-966-7594-76-3
_c487.50
040 _bукр.
041 _2ukr
_aukr
080 _a908
090 _a908
_bП32
100 _aПилип'юк, Василь
245 _aЛьвів пори року
_cТехн.ред. В.Слічний
_hТекст
260 _aЛьвів
_b"Світло і тінь"
_c2015
300 _a271 с.
_bіл.
_fВ опр.
520 _aФотоальбом
521 _aДля широкого кола читачів
546 _aукр.
_bангл.,пол.
650 _aМистецьке видання
653 _aФотоальбом
655 _aМистецька література
_vФотоальбом
942 _2udc
_cBK
999 _c16917
_d16917